书目信息 |
| 题名: |
魔窟
|
|
| 作者: | 尚德金 , 尚岳 编 | |
| 分册: | ||
| 出版信息: | 北京 中国文史出版社 1986 |
|
| 页数: | 209页 | |
| 开本: | 19cm | |
| 丛书名: | ||
| 单 册: | ||
| 中图分类: | K265.706 | |
| 科图分类: | ||
| 主题词: | 中国--历史 | |
| 电子资源: | ||
| ISBN: | ||
| 000 | 00602nam0 2200205 45 | |
| 001 | 0405171740 | |
| 005 | 20060331103528.42 | |
| 010 | @dCNY1.45 | |
| 100 | @a20040517d1986 km y0chiy0120 ea | |
| 101 | 0 | @achi |
| 200 | 1 | @a魔窟@AMo Ku@e汪伪特工总部76号@f蔡德金,尚岳编@FCai De Jin,Shang Yue Bian |
| 210 | @a北京@c中国文史出版社@d1986 | |
| 215 | @a209页@d19cm | |
| 517 | 1 | @a汪伪特工总部76号@Awang wei te gong zong bu 76 hao |
| 606 | 0 | @a中国@x历史 |
| 690 | @aK265.706@v4 | |
| 701 | 0 | @a尚德金@Ashang de jin@4编 |
| 701 | 0 | @a尚岳@Ashang yue@4编 |
| 801 | @aCN@bPftUser@c20060331 | |
| 905 | @dK265.706@e37 | |
| 魔窟:汪伪特工总部76号/蔡德金,尚岳编.-北京:中国文史出版社,1986 |
| 209页;19cm |
| ISBN :CNY1.45 |
| ● |
| 相关链接 |
|
|
|
|
正题名:魔窟
索取号:K265.706/37
 
预约/预借
| 序号 | 登录号 | 条形码 | 馆藏地/架位号 | 状态 | 备注 |
| 1 | 0243572 | 000355083 | 第二借阅区/ [索取号:K265.706/37] | 在馆 | |
| 2 | 0243573 | 000355074 | 第二借阅区/ [索取号:K265.706/37] | 在馆 | |
| 3 | 0243574 | 202236286 | 密集书库/ [索取号:K265.706/37] | 在馆 | |
| 4 | 0243575 | 000355109 | 第二借阅区/ [索取号:K265.706/37] | 在馆 | |
| 5 | 0243576 | 000355092 | 第二样本阅览室/ [索取号:K265.706/37] | 在馆 |